000 00355nam a2200157Ia 4500
008 100204s9999 xx 000 0 und d
082 _b28070
100 _aतरवडे विजय
245 _aयुग्म
250 _a0
260 _c2008
300 _a224
630 _aयुग्म
730 _aयुग्म
942 _cBOOK
999 _c473251
_d473248